MARC

LEADER 00000nam0a2200000 4500
001 298369
005 20231102001109.0
035 |a (RuTPU)RU\TPU\book\323512 
090 |a 298369 
100 |a 20150617d1984 km y0rusy50 ca 
101 0 |a rus 
102 |a LT 
105 |a  z 100zy 
200 1 |a НИРС - неотъемлемая часть процесса обучения и воспитания в ВУЗе  |e сборник докладов Всесоюзной научно-практической конференции, Вильнюс, 19020 октября 1982 г.  |f Научно-исследовательский институт проблем высшей школы ; Вильнюсский государственный университет ; под ред. Г. А. Николаева 
210 |a Вильнюс  |c Изд-во Вильнюсского государственного ун-та  |d 1984 
215 |a 169 с. 
606 1 |a Учебно-воспитательная работа в высших учебных заведениях  |2 stltpush  |3 (RuTPU)RU\TPU\subj\63494  |9 80518 
610 1 |a НИРС 
610 1 |a научно-исследовательская работа 
610 1 |a высшая школа 
610 1 |a студенты 
610 1 |a Литва 
610 1 |a научное творчество 
610 1 |a научные коллективы 
610 1 |a конференции 
686 |a Ч481л0  |v LBC/SL-A  |2 rubbk 
702 1 |a Николаев  |b Г. А.  |4 340 
712 0 2 |a Научно-исследовательский институт проблем высшей школы  |2 stltpush  |3 (RuTPU)RU\TPU\col\13672  |9 25747 
712 0 2 |a Вильнюсский государственный университет  |2 stltpush  |3 (RuTPU)RU\TPU\col\11994  |9 25315 
712 1 2 |a Научно-техническое творчество студентов-неотъемлемая часть процесса обучения и воспитания  |c всесоюзная конференция  |e Вильнюс  |f 1982  |4 570 
801 1 |a RU  |b 63413507  |c 20150617 
801 2 |a RU  |b 63413507  |c 20181107  |g RCR 
942 |c BK